Jellyfish : (Record no. 7084)

MARC details
000 -LEADER
fixed length control field 00850nam a22002777a 4500
001 - CONTROL NUMBER
control field 7084
003 - CONTROL NUMBER IDENTIFIER
control field FISKH
005 - DATE AND TIME OF LATEST TRANSACTION
control field 20250620125545.0
008 - FIXED-LENGTH DATA ELEMENTS--GENERAL INFORMATION
fixed length control field 250620b cb ||||| |||| 00| 0 eng d
020 ## - INTERNATIONAL STANDARD BOOK NUMBER
International Standard Book Number 9781606947944
040 ## - CATALOGING SOURCE
Original cataloging agency FISKH
Language of cataloging eng
Transcribing agency FISKH
Modifying agency FISKH
050 ## - LIBRARY OF CONGRESS CALL NUMBER
Classification number QL377.S4 S762
082 ## - DEWEY DECIMAL CLASSIFICATION NUMBER
Classification number 593.5
100 ## - MAIN ENTRY--PERSONAL NAME
Personal name Stone, Lynn M.
245 ## - TITLE STATEMENT
Title Jellyfish :
Remainder of title Marine life /
Statement of responsibility, etc. Lynn M. Stone
260 ## - PUBLICATION, DISTRIBUTION, ETC.
Place of publication, distribution, etc. Florida :
Name of publisher, distributor, etc. Roueke,
Date of publication, distribution, etc. 2006.
300 ## - PHYSICAL DESCRIPTION
Extent 24 pages :
Other physical details color illustrations ;
Dimensions 18 x 20 cm
505 ## - FORMATTED CONTENTS NOTE
Formatted contents note J<br/>
520 ## - SUMMARY, ETC.
Summary, etc. Learn about how jellyfish live, grow, and survive in the ocean.
521 8# - TARGET AUDIENCE NOTE
Target audience note 460<br/>
Source Lexile estimate <br/>
521 8# - TARGET AUDIENCE NOTE
Target audience note J<br/>
Source Raz-Plus<br/>
650 ## - SUBJECT ADDED ENTRY--TOPICAL TERM
Topical term or geographic name entry element Marine Life
Form subdivision Science Nonfiction for Children
General subdivision Jellyfish
650 ## - SUBJECT ADDED ENTRY--TOPICAL TERM
Topical term or geographic name entry element Ocean Biology
Form subdivision Invertebrates
General subdivision Sea Creatures
942 ## - ADDED ENTRY ELEMENTS (KOHA)
Source of classification or shelving scheme Dewey Decimal Classification
Koha item type Books
Suppress in OPAC No

No items available.